书目信息 |
| 题名: |
惯性约束核聚变
|
|
| 作者: | 袁之尚 著 | |
| 分册: | ||
| 出版信息: | 北京 原子能出版社 1984 |
|
| 页数: | 83页 | |
| 开本: | 19cm | |
| 丛书名: | ||
| 单 册: | ||
| 中图分类: | TL632 | |
| 科图分类: | ||
| 主题词: | 惯性约束聚变装置 | |
| 电子资源: | ||
| ISBN: | ||
| 000 | 00603nam0 2200229 45 | |
| 001 | 0184016531 | |
| 005 | 20060725154044.01 | |
| 010 | @dCNY0.39 | |
| 091 | @a15175.542 | |
| 100 | @a19950706d1984 kemy0chiy0121 ea | |
| 101 | 0 | @achi |
| 102 | @aCN@b110000 | |
| 105 | @ay z 000yy | |
| 200 | 10 | @a惯性约束核聚变@Aguan xing yue shu he ju bian@f袁之尚著 |
| 210 | @a北京@c原子能出版社@d1984 | |
| 215 | @a83页@d19cm | |
| 606 | @a惯性约束聚变装置 | |
| 690 | @aTL632@v3 | |
| 701 | 0 | @a袁之尚@Ayuan zhi shang@4著 |
| 801 | 0 | @aCN@bTSSF@c20060725 |
| 801 | 2 | @aCN@bNLC@c20060719 |
| 905 | @a10447@dTL632@e21 | |
| 惯性约束核聚变/袁之尚著.-北京:原子能出版社,1984 |
| 83页;19cm |
| ISBN :CNY0.39 |
| ● |
| 相关链接 |
|
|
|
|
正题名:惯性约束核聚变
索取号:TL632/21
 
预约/预借
| 序号 | 登录号 | 条形码 | 馆藏地/架位号 | 状态 | 备注 |
| 1 | 0421682 | 204216829 | 密集书库/ [索取号:TL632/21] | 在馆 | |
| 2 | 0431999 | 204319996 | 密集书库/ [索取号:TL632/21] | 在馆 | |
| 3 | 0432516 | 204325168 | 密集书库/ [索取号:TL632/21] | 在馆 | |
| 4 | 0438416 | 204384166 | 密集书库/ [索取号:TL632/21] | 在馆 |